| 000 | 00693nam a2200217 i 4500 | ||
|---|---|---|---|
| 001 | 61427 | ||
| 003 | ES-MaACL | ||
| 005 | 20230906164444.0 | ||
| 007 | t| | ||
| 008 | 031112s1971 sp ||||1| spa d | ||
| 100 | 1 |
_aFabien, Simone. _948518 |
|
| 245 | 1 | 3 |
_aLa madre y los jóvenes: _bfrente a la revolución juvenil / _cSimone Fabien ; [versión de Juan Ig. Molinos]. |
| 260 |
_a[Bilbao] : _bDesclée de Brouwer, _c[1971] |
||
| 300 |
_a113 p. ; _c19 cm. |
||
| 490 | 1 |
_aLa mujer en la vida ; _v3 |
|
| 650 | 0 | 0 |
_aPadres e hijos. _915785 |
| 700 | 1 |
_aMolinos, Juan Ignacio. _9171434 |
|
| 830 | 1 |
_aLa mujer en la vida ; _v3 _9182801 |
|
| 852 |
_aES-MaACL _jC-41589 |
||
| 999 |
_c61427 _d61427 |
||